| 000 | 00618nam a2200217 u 4500 | ||
|---|---|---|---|
| 005 | 20240831063753.0 | ||
| 008 | 130128s2007 es r 000 0 spa d | ||
| 020 | _a9788481317138 | ||
| 035 | _aUPN01000189330 | ||
| 049 | _aI | ||
| 050 | 4 |
_aPZ75 _bS6.6 |
|
| 100 | 1 |
_aSobrino, Javier _933695 |
|
| 245 | 1 | 1 |
_a¿Qué le pasa a Lucía? / _cJavier Sobrino ; il. Pablo Amargo. |
| 260 |
_aValencia, Esp. : _bTándem, _c2007. |
||
| 300 |
_a[32] p. : _bil. col. |
||
| 650 | 4 |
_aCuentos infantiles españoles _97725 |
|
| 650 | 4 |
_aConducta infantil _95683 |
|
| 905 | _aInfantil | ||
| 999 |
_c161433 _d161433 |
||